|
|
|
|
| LEADER |
01249nam a2200301 a 4500 |
| 001 |
968857 |
| 008 |
130225s1985 caua b s001 0 eng d |
| 010 |
|
|
|a 85002535
|
| 020 |
|
|
|a 0520058836
|
| 020 |
|
|
|a 0520054938
|
| 040 |
|
|
|a DNLM/DLC
|c DLC
|d DLC
|d BD-DhAAL
|
| 082 |
0 |
0 |
|a 616.85/27
|2 19
|
| 245 |
0 |
0 |
|a Culture and depression :
|b studies in the anthropology and cross-cultural psychiatry of affect and disorder /
|c edited by Arthur Kleinman and Byron Good.
|
| 260 |
|
|
|a Berkeley :
|b University of California Press,
|c c1985.
|
| 300 |
|
|
|a xi, 535 p. :
|b ill. ;
|c 24 cm.
|
| 490 |
1 |
|
|a Comparative studies of health systems and medical care
|
| 504 |
|
|
|a Includes bibliographies and indexes.
|
| 541 |
1 |
|
|e 00026677
|
| 650 |
|
0 |
|a Depression, Mental
|x Cross-cultural studies.
|
| 650 |
|
0 |
|a Cultural psychiatry.
|
| 650 |
|
0 |
|a Psychiatry, Transcultural.
|
| 650 |
|
2 |
|a Cross-Cultural Comparison.
|
| 650 |
|
2 |
|a Depressive Disorder
|x psychology.
|
| 700 |
1 |
|
|a Kleinman, Arthur.
|
| 700 |
1 |
|
|a Good, Byron.
|
| 852 |
1 |
|
|a Ayesha Abed Library
|j General Shelf.
|
| 999 |
|
|
|c 13200
|d 13200
|
| 952 |
|
|
|0 0
|1 0
|2 ddc
|4 0
|6 616_852700000000000_CUL
|7 0
|9 21974
|a JPGSPH
|b JPGSPH
|c GEN
|d 2013-02-25
|e Karim International
|g 3160.00
|l 0
|o 616.8527 CUL
|p 3060026677
|r 2013-02-25
|t 1
|w 2013-02-25
|y BK
|